000 00458nam a2200181Ia 4500
005 20250326142618.0
008 250326s9999 xx 000 0 und d
037 _aTextbook
040 _aFMSL
_beng
_cFMSL
041 _aeng
_2eng
084 _qFMSL
100 _aAdhikari M
_9214288
245 0 _aManagement Economics
_cAdhikari M
260 _aDelhi
_bDelhi, Khosla Pub. House
_c1987
300 _a588p
942 _cTB
999 _c1295824
_d1295824